|
|
|
|
| LEADER |
00000nab a2200000 a 4500 |
| 001 |
vtls000060377 |
| 003 |
SK-MaSNL |
| 005 |
20260304074317.0 |
| 008 |
250422c1980 xo 0 slo |
| 015 |
|
|
|a SNBRB19rr/mm-uuuuu
|
| 035 |
|
|
|a CL0070477
|
| 035 |
|
|
|a urn:nbn:sk:snk-abb8up
|
| 035 |
|
|
|a (urnnbn)urn:nbn:sk:snk:ar-002twq
|
| 035 |
|
|
|a (uuid)7059ae0a-4dc7-42f9-b10a-208c0ec9afdf
|
| 040 |
|
|
|a SNKBUCL
|b slo
|c SNKBUCL
|e AACR2
|
| 041 |
0 |
|
|a slo
|
| 044 |
|
|
|a xo
|c SK
|
| 080 |
|
|
|a 808.54
|2 1981
|
| 080 |
|
|
|a 801.3
|2 1981
|
| 100 |
1 |
|
|a Kriššáková, Jana
|4 aut
|9 1346985
|
| 245 |
1 |
0 |
|a Blanár, V. - Matejčík, J.: Živé osobné mená na srednom Slovensku. Zv. I. Časť 1. Designácia osobného mena
|c Jana Kriššáková ; Vincent Blanár, Ján Matejčík
|
| 650 |
0 |
7 |
|a onomastika
|2 snkbucl
|9 23494
|
| 655 |
|
7 |
|a články z novín a časopisov
|2 snkbucl
|9 267496
|
| 700 |
1 |
|
|a Blanár, Vincent,
|d 1920-2012
|4 aut
|9 89998
|
| 700 |
1 |
|
|a Matejčík, Ján,
|d 1933-1997
|4 aut
|9 37345
|
| 773 |
0 |
|
|t Slovenská reč
|g Roč. 45, č. 3 (1980), s. 187-189
|
| 787 |
0 |
8 |
|i Rec.:
|a Blanár, Vincent
|t Živé osobné mená na strednom Slovensku. Zv. I. Časť 1. Designácia osobného mena
|d Bratislava : PSN, 1978
|
| 850 |
|
|
|a Slovenská národná knižnica
|
| 852 |
|
|
|a Slovenská národná knižnica
|
| 954 |
|
|
|a odborná, vedecká literatúra pôvodná (slovenská)
|2 lita
|
| 958 |
|
|
|a article15
|
| 958 |
|
|
|a RK
|
| 958 |
|
|
|a OND
|
| 958 |
|
|
|a EUIPO
|
| 992 |
|
|
|a RBX
|
| 999 |
|
|
|c 2775737
|d 2777667
|